00313nam a2200121 a 450008200170000010000130001724500430003026000400007330000090011350000350012265000210015770000130017800a320.954bRAM aRam, P R aSecular Challenge to Communal Politics aMumbaibVikas Adhyayan Kendrac0000 a306p aincludes index and biblioraphy aSecularism-India1 aRam, P R